000 00522nmm a2200193Ia 4500
008 251105s9999||||xx |||||||||||||||||und||
020 _a9788475221137
041 _aspa
100 _aCohen, Leonard
245 0 _aFlores para Hitler
264 _a[Madrid, España] :
_bVisor Libros,
_c2011
300 _a354 páginas
490 _aVisor de Poesía
650 _aEnglish poetry
700 _aCohen, Leonard
700 1 _a Resines, Antonio
856 _uhttps://public.digitaliapublishing.com/a/76754
942 _cCF
999 _c64068
_d64068